Prehistoria de Europa

שמור ב:
מידע ביבליוגרפי
Main Authors: Champion, Timothy (Author), Gamble, Clive (Author), Shennan, Stephen (Author), Whittle, Alasdair (Author)
פורמט: ספר
שפה:ספרדית
יצא לאור: Barcelona Crítica 1988
סדרה:Crítica - Arqueología
נושאים:
תגים: הוספת תג
אין תגיות, היה/י הראשונ/ה לתייג את הרשומה!

MARC

LEADER 00000nam a2200000 a 4500
001 UCL0537
003 CL-VaPUC
008 030728e19880000SP |||||||||||||||||spa|d
020 |a 847423378X 
082 0 4 |a 940.1  |b CHA  |2 21 
100 0 |a Champion, Timothy  |e author  |9 477185 
700 |a Gamble, Clive  |e author  |9 491779 
700 0 |a Shennan, Stephen  |e author  |9 477187 
700 0 |a Whittle, Alasdair  |e author  |9 477188 
245 1 0 |a Prehistoria de Europa 
300 |a 475 p 
942 |c BK 
945 |d 20030728 00:00:00  |a cmena 
260 |a Barcelona  |b Crítica  |c 1988 
650 0 |a Historia de Europa  |9 392003 
650 0 |a Prehistoria  |9 316557 
650 0 |a Arqueología   |9 265619 
651 0 |a Europa  |9 255156 
583 |a last modification  |c 20030728 00:00:00  |k Rodrigo Vera 
490 0 |a Crítica - Arqueología 
999 |c 304357  |d 304355 
952 |0 0  |1 0  |4 0  |6 940_100000000000000_CHA_1988  |7 0  |8 A  |9 366385  |a BIBHIS  |b BIBHIS  |d 2019-11-21  |i 3907023  |o 940.1 CHA 1988  |p 3907023  |r 2025-01-20  |w 2019-11-21  |y BK  |k HIS